| 000 | 00685nam a2200205Ia 4500 | ||
|---|---|---|---|
| 001 | 8378 | ||
| 003 | GE_BSU | ||
| 008 | 181216s||||||||xx |||||||||||||| ||und|| | ||
| 040 | _cGE_BSU | ||
| 080 | _a821.353-1-11 | ||
| 100 | _aერისთავი,რაფიელ | ||
| 245 | _aლექსები. პოემები | ||
| 245 | _cკრებ. შეადგ.,წინაიტყვ. შენისვნ. დაურთო ნოდარ ალანიამ | ||
| 260 | _aთბილისი | ||
| 260 | _bნაკადული | ||
| 260 | _c1974 | ||
| 300 | _a226გვ.21სმ. | ||
| 653 | _aლექსები.პოემები | ||
| 942 | _cBK | ||
| 999 |
_c41701 _d41701 |
||